[Event "BIH-chT2"]
[Site "Bosna"]
[Date "2017.08.28"]
[Round "6.4"]
[White "Zajic, Milan"]
[Black "Radic, Bojan"]
[Result "1-0"]
[WhiteElo "2499"]
[BlackElo "2222"]
[PlyCount "126"]
[EventDate "2017.08.25"]
[EventType "team-tourn"]
[EventRounds "9"]
[EventCountry "BIH"]
[SourceTitle "EXT 2019"]
[Source "ChessBase"]
[SourceDate "2018.10.10"]
[SourceVersion "1"]
[SourceVersionDate "2018.10.10"]
[SourceQuality "1"]

1. e4 c5 2. Nf3 d6 3. d4 cxd4 4. Qxd4 Nc6 5. Bb5 Bd7 6. Bxc6 Bxc6 7. Nc3 e5 8. Qd3 Be7 9. 0-0 Nf6 10. Bg5 0-0 11. Bxf6 Bxf6 12. Nd2 Qe7 13. Nc4 Rfd8 14. Ne3 Rac8 15. Ned5 Qe6 16. a4 Be7 17. Rfd1 Bf8 18. Qe3 Bxd5 19. Rxd5 a6 20. Rd2 f5 21. exf5 Qxf5 22. Qe2 Qe6 23. Nd5 g6 24. Re1 Re8 25. Qe4 Bh6 26. Rdd1 Bg7 27. c3 Rc6 28. g3 Rec8 29. b3 Kh8 30. Kg2 Rc5 31. Rd3 Rf8 32. Red1 Rd8 33. h3 Bf8 34. h4 Rd7 35. Rf3 Rf7 36. Re3 Bh6 37. Ree1 Qf5 38. f3 Qc8 39. Rd3 Bf8 40. Red1 Qc6 41. h5 gxh5 42. Rh1 Qe8 43. Rxh5 Rg7 44. Rh3 Qg6 45. Rd1 Qxe4 46. fxe4 Rc8 47. Rf1 Be7 48. Rh6 Kg8 49. Rf3 Rd8 50. Rh1 Bg5 51. Rd1 Rf7 52. Rf5 h6 53. Kf3 Kg7 54. Nb6 h5 55. Nc4 Be7 56. Ne3 Rxf5+ 57. Nxf5+ Kf6 58. Rh1 Rh8 59. Ke3 Ke6 60. Rxh5 Rxh5 61. Ng7+ Kf7 62. Nxh5 Kg6 63. g4 b5 1-0

[Event "BIH-chT2"]
[Site "Bosna"]
[Date "2017.08.27"]
[Round "4.3"]
[White "Rosic, Slavko S"]
[Black "Radic, Bojan"]
[Result "1-0"]
[WhiteElo "2235"]
[BlackElo "2222"]
[PlyCount "59"]
[EventDate "2017.08.25"]
[EventType "team-tourn"]
[EventRounds "9"]
[EventCountry "BIH"]
[SourceTitle "EXT 2019"]
[Source "ChessBase"]
[SourceDate "2018.10.10"]
[SourceVersion "1"]
[SourceVersionDate "2018.10.10"]
[SourceQuality "1"]

1. e4 c5 2. Nf3 e6 3. d4 cxd4 4. Nxd4 Nc6 5. Nc3 Qc7 6. Be2 Nf6 7. 0-0 a6 8. Nxc6 dxc6 9. Bg5 Be7 10. a4 h6 11. Be3 a5 12. f4 e5 13. Qe1 exf4 14. Bxf4 Bd6 15. e5 Bxe5 16. Bc4 Ng4 17. Bxf7+ Qxf7 18. Bxe5 Qe7 19. Bxg7 Rg8 20. Bd4 Be6 21. h3 Qd6 22. Rf4 Rf8 23. Rxg4 0-0-0 24. Re4 Bxh3 25. gxh3 Rf3 26. Qh4 Rg8+ 27. Kh1 Qd7 28. Re3 Qf5 29. Rg1 Rf1 30. Reg3 1-0

[Event "BIH-chT1A 22nd"]
[Site "Tuzla"]
[Date "2015.10.18"]
[Round "4.5"]
[White "Vajic, Goran"]
[Black "Radic, Bojan"]
[Result "1-0"]
[WhiteElo "2335"]
[BlackElo "2179"]
[PlyCount "75"]
[EventDate "2015.10.16"]
[EventType "tourn"]
[EventRounds "9"]
[EventCountry "BIH"]
[SourceTitle "CBM 169 Extra"]
[Source "ChessBase"]
[SourceDate "2015.12.18"]
[SourceVersion "1"]
[SourceVersionDate "2015.12.18"]
[SourceQuality "1"]

1. e4 c5 2. Nf3 d6 3. d4 cxd4 4. Nxd4 Nf6 5. Nc3 g6 6. f4 Nc6 7. Nxc6 bxc6 8. Be3 Bg7 9. Be2 0-0 10. 0-0 Rb8 11. Rb1 Qa5 12. Qd2 Ng4 13. Bxg4 Bxg4 14. Bd4 Bxd4+ 15. Qxd4 Be6 16. b3 Qb6 17. Rbd1 f5 18. Rfe1 Kf7 19. Qxb6 axb6 20. e5 Rfd8 21. Kf2 dxe5 22. Rxd8 Rxd8 23. Rxe5 Kf6 24. Re2 h6 25. Na4 Rb8 26. c4 Bf7 27. c5 bxc5 28. Nxc5 Rd8 29. a4 Rd5 30. Rc2 e5 31. a5 exf4 32. a6 Rd8 33. Nb7 Rc8 34. b4 Bd5 35. b5 Ra8 36. b6 Rxa6 37. Nc5 Ra5 38. b7 1-0

[Event "Bihac-chT1"]
[Site "Bihac"]
[Date "2014.08.24"]
[Round "3"]
[White "Radic, Bojan"]
[Black "Sutkovic, Damir"]
[Result "1/2-1/2"]
[WhiteElo "2200"]
[BlackElo "2296"]
[PlyCount "67"]
[EventDate "2014.08.23"]
[EventType "swiss"]
[EventRounds "9"]
[EventCountry "BIH"]
[SourceTitle "EXT 2015"]
[Source "ChessBase"]
[SourceDate "2014.11.20"]
[SourceVersion "1"]
[SourceVersionDate "2014.11.20"]
[SourceQuality "1"]

1. e4 c5 2. Nf3 e6 3. Nc3 a6 4. d4 cxd4 5. Nxd4 d6 6. Be2 Nf6 7. Be3 b5 8. Bf3 e5 9. Nb3 Be6 10. Nd5 Nbd7 11. Nxf6+ Nxf6 12. Qd2 Be7 13. 0-0 h6 14. a4 0-0 15. axb5 Bxb3 16. cxb3 axb5 17. Qd3 Qd7 18. Be2 b4 19. Rfd1 Qb7 20. f3 Rxa1 21. Rxa1 Ra8 22. Ra4 d5 23. exd5 Rd8 24. Ra7 Qxd5 25. Rxe7 Qxd3 26. Bxd3 Rxd3 27. Rxe5 Rxb3 28. Bc1 Nd7 29. Rb5 f6 30. f4 Kf7 31. Kf2 Ke6 32. Ke2 Kd6 33. Kd2 Kc6 34. Rh5 1/2-1/2

[Event "Zenica 17th"]
[Site "Zenica"]
[Date "2013.12.10"]
[Round "4"]
[White "Radic, Bojan"]
[Black "Drasko, Milan"]
[Result "0-1"]
[WhiteElo "2209"]
[BlackElo "2459"]
[PlyCount "102"]
[EventDate "2013.12.08"]
[EventType "tourn"]
[EventRounds "9"]
[EventCountry "BIH"]
[EventCategory "7"]
[SourceTitle "CBM 158 Extra"]
[Source "ChessBase"]
[SourceDate "2014.02.28"]
[SourceVersion "1"]
[SourceVersionDate "2014.02.28"]
[SourceQuality "1"]

1. e4 e6 2. d3 d5 3. Qe2 dxe4 4. dxe4 e5 5. Nf3 Nd7 6. Nbd2 Bc5 7. Nc4 Qe7 8. Bg5 Ngf6 9. 0-0-0 0-0 10. g3 Qe6 11. Bxf6 Qxf6 12. Kb1 b5 13. Ne3 Nb6 14. Nd5 Nxd5 15. Rxd5 Bd6 16. Qe3 c6 17. Rd1 Bc7 18. Be2 Bb6 19. Qc3 Bg4 20. Rd2 Rad8 21. Rhd1 b4 22. Qb3 Rxd2 23. Rxd2 Bxf2 24. Bd1 Bb6 25. h3 Bxh3 26. Qxb4 Rd8 27. a4 Bg4 28. a5 Be3 29. Rxd8+ Qxd8 30. Be2 Bxf3 31. Bxf3 g6 32. Qc3 Qg5 33. Qb3 h5 34. a6 Bf2 35. Be2 Qxg3 36. Qxg3 Bxg3 37. b4 Kg7 38. Kc1 h4 39. c4 Be1 40. b5 cxb5 41. cxb5 Bf2 42. Kd2 h3 43. Bf3 Kh6 44. Ke2 Bb6 45. Bg4 h2 46. Bf3 Kg5 47. Bh1 Kf4 48. Bg2 Kg3 49. Bh1 f5 50. exf5 gxf5 51. Bg2 Kxg2 0-1

[Event "Zenica 17th"]
[Site "Zenica"]
[Date "2013.12.09"]
[Round "2"]
[White "Radic, Bojan"]
[Black "Kadric, Denis"]
[Result "0-1"]
[WhiteElo "2209"]
[BlackElo "2471"]
[PlyCount "90"]
[EventDate "2013.12.08"]
[EventType "tourn"]
[EventRounds "9"]
[EventCountry "BIH"]
[EventCategory "7"]
[SourceTitle "CBM 158 Extra"]
[Source "ChessBase"]
[SourceDate "2014.02.28"]
[SourceVersion "1"]
[SourceVersionDate "2014.02.28"]
[SourceQuality "1"]

1. e4 d6 2. d4 Nf6 3. Nc3 e5 4. dxe5 dxe5 5. Qxd8+ Kxd8 6. Bc4 Ke8 7. Nf3 Bd6 8. h3 Nbd7 9. Be3 c6 10. a4 a5 11. 0-0-0 Bc7 12. Nh4 g6 13. g3 Ke7 14. Be2 Bb6 15. Bxb6 Nxb6 16. f4 Nbd7 17. f5 Nc5 18. Bf3 b6 19. g4 g5 20. Ng2 Ba6 21. h4 h6 22. Kd2 Rad8+ 23. Ke3 Rxd1 24. Rxd1 h5 25. hxg5 Nxg4+ 26. Bxg4 hxg4 27. Kf2 Rh5 28. Kg3 Rxg5 29. Ne3 Rg8 30. Nxg4 Nxe4+ 31. Nxe4 Rxg4+ 32. Kxg4 Be2+ 33. Kg5 Bxd1 34. c4 Bxa4 35. c5 b5 36. Nf6 Bb3 37. Ng8+ Kf8 38. Nf6 a4 39. Nd7+ Ke7 40. Nb8 f6+ 41. Kg4 Bd5 42. Na6 Be4 43. Nb4 Kd7 44. Na2 Kc7 45. Nc3 Bc2 0-1

[Event "Zenica op"]
[Site "Zenica"]
[Date "2013.09.07"]
[Round "4"]
[White "Radic, Bojan"]
[Black "Kurajica, Bojan"]
[Result "0-1"]
[WhiteElo "2203"]
[BlackElo "2507"]
[PlyCount "60"]
[EventDate "2013.09.05"]
[EventType "swiss"]
[EventRounds "7"]
[EventCountry "BIH"]
[SourceTitle "CBM 156 Extra"]
[Source "ChessBase"]
[SourceDate "2013.10.22"]
[SourceVersion "1"]
[SourceVersionDate "2013.10.22"]
[SourceQuality "1"]

1. e4 c5 2. Nf3 Nc6 3. d4 cxd4 4. Nxd4 Qb6 5. Nb3 Nf6 6. Nc3 e6 7. Be3 Qc7 8. Bd3 Bb4 9. Bd2 a6 10. 0-0 Be7 11. f4 d6 12. Qf3 0-0 13. Rae1 Nb4 14. Kh1 Nxd3 15. cxd3 b5 16. e5 Bb7 17. Qg3 Nh5 18. Qg4 g6 19. Rc1 Qb6 20. Rfe1 Rac8 21. Be3 Qd8 22. Nd4 b4 23. exd6 Qxd6 24. Na4 Rxc1 25. Rxc1 Bf6 26. Nc5 Bxd4 27. Nxb7 Qd5 28. Bxd4 Qxd4 29. Nc5 Rc8 30. Rc4 Rxc5 0-1

[Event "Zenica op"]
[Site "Zenica"]
[Date "2013.09.07"]
[Round "5"]
[White "Soko, Miroslav"]
[Black "Radic, Bojan"]
[Result "0-1"]
[WhiteElo "2105"]
[BlackElo "2203"]
[PlyCount "77"]
[EventDate "2013.09.05"]
[EventType "swiss"]
[EventRounds "7"]
[EventCountry "BIH"]
[SourceTitle "CBM 156 Extra"]
[Source "ChessBase"]
[SourceDate "2013.10.22"]
[SourceVersion "1"]
[SourceVersionDate "2013.10.22"]
[SourceQuality "1"]

1. e4 c5 2. Nf3 e6 3. d4 cxd4 4. Nxd4 Nc6 5. Nc3 Qc7 6. Be2 Nf6 7. 0-0 a6 8. Be3 Bb4 9. Na4 0-0 10. Nxc6 bxc6 11. Nb6 Rb8 12. Nxc8 Rfxc8 13. Bxa6 Rf8 14. Bd3 Bd6 15. f4 e5 16. f5 Rxb2 17. g4 Qa5 18. Bd2 Bb4 19. Bc1 Rxa2 20. Rxa2 Qxa2 21. g5 Ne8 22. Qe2 d5 23. exd5 Qxd5 24. Be4 Qd4+ 25. Kh1 Nd6 26. Bg2 Bc5 27. f6 g6 28. Rd1 Qc3 29. Bd2 Qb2 30. Qe1 Nf5 31. Rb1 Qa2 32. Ra1 Qc4 33. c3 Rd8 34. Qxe5 Bd6 35. Qe1 Qg4 36. Qg1 Qh4 37. Bxc6 Ng3+ 38. Kg2 Ne2 39. Qh1 0-1

[Event "Zenica op"]
[Site "Zenica"]
[Date "2013.09.06"]
[Round "3"]
[White "Delic, Rifat"]
[Black "Radic, Bojan"]
[Result "0-1"]
[WhiteElo "2054"]
[BlackElo "2203"]
[PlyCount "61"]
[EventDate "2013.09.05"]
[EventType "swiss"]
[EventRounds "7"]
[EventCountry "BIH"]
[SourceTitle "CBM 156 Extra"]
[Source "ChessBase"]
[SourceDate "2013.10.22"]
[SourceVersion "1"]
[SourceVersionDate "2013.10.22"]
[SourceQuality "1"]

1. e4 c5 2. Nf3 e6 3. d4 cxd4 4. Nxd4 Nc6 5. c3 Qc7 6. Bd3 Nf6 7. Be3 a6 8. Nd2 Be7 9. 0-0 0-0 10. h3 d6 11. f4 Bd7 12. Qe2 e5 13. Nf5 Bxf5 14. exf5 d5 15. fxe5 Nxe5 16. Bc2 Rfe8 17. Qf2 Rac8 18. Rae1 Nc4 19. Nxc4 dxc4 20. Bd4 Bd6 21. Bxf6 gxf6 22. Qf3 Qb6+ 23. Kh1 Qxb2 24. Rxe8+ Rxe8 25. Be4 b5 26. Bc6 Re7 27. Rd1 Bc7 28. Qg4+ Kf8 29. Qh5 Qe2 30. Qg4 Qe5 31. g3 0-1

[Event "Zenica op"]
[Site "Zenica"]
[Date "2013.09.05"]
[Round "1"]
[White "Redzepi, Mehmedalija"]
[Black "Radic, Bojan"]
[Result "1-0"]
[WhiteElo "1832"]
[BlackElo "2203"]
[PlyCount "87"]
[EventDate "2013.09.05"]
[EventType "swiss"]
[EventRounds "7"]
[EventCountry "BIH"]
[SourceTitle "CBM 156 Extra"]
[Source "ChessBase"]
[SourceDate "2013.10.22"]
[SourceVersion "1"]
[SourceVersionDate "2013.10.22"]
[SourceQuality "1"]

1. d4 Nf6 2. Nf3 g6 3. g3 Bg7 4. Bg2 0-0 5. 0-0 d5 6. Nbd2 Nc6 7. c3 h6 8. h3 Ne4 9. Nxe4 dxe4 10. Nd2 f5 11. f3 exf3 12. Nxf3 Kh7 13. Qd2 Qd6 14. Kh2 Be6 15. Qf4 g5 16. Qxd6 exd6 17. d5 Bxd5 18. Nxg5+ hxg5 19. Bxd5 Rae8 20. Rf2 Kg6 21. Bd2 Re5 22. Bc4 Rc5 23. Bd3 Ne5 24. Bc2 Nc4 25. Bc1 Kh5 26. Rxf5 Rfxf5 27. g4+ Kh4 28. Bxf5 Be5+ 29. Kg2 Bf4 30. b4 Re5 31. e4 d5 32. Bxf4 gxf4 33. Kf3 dxe4+ 34. Kxf4 Re7 35. Bxe4 Nd6 36. Re1 Rf7+ 37. Bf5 Kxh3 38. Rh1+ Kg2 39. Rh7 Kf2 40. Rxf7 Nxf7 41. Be6 Nd8 42. Bd5 c6 43. Bb3 c5 44. Bd5 1-0

[Event "Zenica 16th"]
[Site "Zenica"]
[Date "2012.11.15"]
[Round "5"]
[White "Radic, Bojan"]
[Black "Mestrovic, Zvonimir"]
[Result "0-1"]
[WhiteElo "2193"]
[BlackElo "2320"]
[PlyCount "70"]
[EventDate "2012.11.12"]
[EventType "tourn"]
[EventRounds "9"]
[EventCountry "BIH"]
[EventCategory "5"]
[SourceTitle "CBM 151 Extra"]
[Source "ChessBase"]
[SourceDate "2012.12.18"]
[SourceVersion "1"]
[SourceVersionDate "2012.12.18"]
[SourceQuality "1"]

1. e4 Nc6 2. Nf3 d6 3. d4 Nf6 4. d5 Nb8 5. Nbd2 g6 6. b4 Bg7 7. Bb2 0-0 8. c4 c6 9. Qb3 a5 10. Be2 axb4 11. Qxb4 Na6 12. Qc3 Nc5 13. Qc2 Na4 14. Rb1 Nxb2 15. Rxb2 Ng4 16. Rb3 Qa5 17. 0-0 Qxa2 18. Qd3 Qa7 19. h3 Ne5 20. Nxe5 Bxe5 21. Rfb1 Qc5 22. Bg4 e6 23. g3 Ra2 24. Kg2 Bd4 25. dxe6 Bxe6 26. Rxb7 Bxg4 27. hxg4 Bxf2 28. R7b2 Rxb2 29. Rxb2 Qe5 30. Rb7 Bc5 31. Nf3 Qe6 32. g5 Re8 33. Nh2 Qxe4+ 34. Qxe4 Rxe4 35. Kh3 Be3 0-1

[Event "BIH-chT1A"]
[Site "Neum"]
[Date "2012.08.31"]
[Round "9.3"]
[White "Radic, Bojan"]
[Black "Miralem, Mirza"]
[Result "1-0"]
[WhiteElo "2187"]
[BlackElo "2038"]
[PlyCount "61"]
[EventDate "2012.08.25"]
[EventType "team-tourn"]
[EventRounds "9"]
[EventCountry "BIH"]
[SourceTitle "CBM 150 Extra"]
[Source "ChessBase"]
[SourceDate "2012.10.19"]
[SourceVersion "1"]
[SourceVersionDate "2012.10.19"]
[SourceQuality "1"]

1. e4 e5 2. Nf3 Nc6 3. d4 exd4 4. Nxd4 Nf6 5. Nxc6 bxc6 6. e5 Qe7 7. Qe2 Nd5 8. c4 Ba6 9. g3 g6 10. b3 Bg7 11. Bb2 0-0 12. Bg2 Rfe8 13. 0-0 Nb6 14. Re1 d5 15. Qd2 Qe6 16. Na3 Bf8 17. Qa5 Bb7 18. Rac1 Bxa3 19. cxd5 cxd5 20. Bxa3 c6 21. Qb4 Ba6 22. Qh4 f5 23. Qd4 Nd7 24. f4 Bb7 25. Qb4 Ba6 26. Qa5 Bd3 27. Bd6 h6 28. Rxc6 Be4 29. Rec1 Nb6 30. Bc7 Qf7 31. Rf6 1-0

[Event "BIH-chT1A"]
[Site "Neum"]
[Date "2012.08.29"]
[Round "7.2"]
[White "Radic, Bojan"]
[Black "Dugonjic, Dragan"]
[Result "1-0"]
[WhiteElo "2187"]
[BlackElo "2062"]
[PlyCount "37"]
[EventDate "2012.08.25"]
[EventType "team-tourn"]
[EventRounds "9"]
[EventCountry "BIH"]
[SourceTitle "CBM 150 Extra"]
[Source "ChessBase"]
[SourceDate "2012.10.19"]
[SourceVersion "1"]
[SourceVersionDate "2012.10.19"]
[SourceQuality "1"]

1. e4 g6 2. d4 Bg7 3. f4 c6 4. Nf3 d5 5. Nc3 Bg4 6. e5 e6 7. h3 Bxf3 8. Qxf3 h5 9. Be3 Ne7 10. g4 Nd7 11. Bd3 hxg4 12. hxg4 Rxh1+ 13. Qxh1 Qa5 14. 0-0-0 0-0-0 15. Qh7 Rg8 16. f5 Nf8 17. Qh4 Nxf5 18. gxf5 exf5 19. Qe7 1-0

[Event "BIH-chT1A"]
[Site "Neum"]
[Date "2012.08.28"]
[Round "6.3"]
[White "Hadzovic, Amir"]
[Black "Radic, Bojan"]
[Result "1-0"]
[WhiteElo "2174"]
[BlackElo "2187"]
[PlyCount "95"]
[EventDate "2012.08.25"]
[EventType "team-tourn"]
[EventRounds "9"]
[EventCountry "BIH"]
[SourceTitle "CBM 150 Extra"]
[Source "ChessBase"]
[SourceDate "2012.10.19"]
[SourceVersion "1"]
[SourceVersionDate "2012.10.19"]
[SourceQuality "1"]

1. e4 c5 2. Nc3 a6 3. a4 Nc6 4. Bc4 d6 5. f4 Nf6 6. d3 Rb8 7. Nf3 e6 8. 0-0 Be7 9. Qe1 0-0 10. e5 Ng4 11. exd6 Bxd6 12. Ne4 Be7 13. a5 b5 14. axb6 Qxb6 15. b3 Nd4 16. Nxd4 cxd4 17. Rf3 Nf6 18. Ba3 Nxe4 19. Bxe7 Re8 20. Qh4 Nd6 21. Rh3 h6 22. Bf6 Nf5 23. Qg4 Kh7 24. Qh5 Bb7 25. Re1 Qa5 26. Re2 Qa1+ 27. Kf2 Qh1 28. Be5 Ne3 29. Bxd4 Nf5 30. Be5 Qxg2+ 31. Ke1 Qg1+ 32. Kd2 g6 33. Qg5 Qf1 34. Qf6 Rf8 35. Bxb8 Qxh3 36. Be5 Bd5 37. Bxd5 exd5 38. Qxa6 Nh4 39. Qd6 Nf3+ 40. Kc3 Rc8+ 41. Kb2 Qf1 42. Qf6 Nxe5 43. Rxe5 Kg8 44. Re7 Rf8 45. b4 h5 46. Rd7 Qf2 47. Rxd5 Kh7 48. f5 1-0

[Event "BIH-chT1A"]
[Site "Neum"]
[Date "2012.08.27"]
[Round "4.4"]
[White "Miljkovic, Milan1111"]
[Black "Radic, Bojan"]
[Result "1-0"]
[WhiteElo "2206"]
[BlackElo "2187"]
[PlyCount "57"]
[EventDate "2012.08.25"]
[EventType "team-tourn"]
[EventRounds "9"]
[EventCountry "BIH"]
[SourceTitle "CBM 150 Extra"]
[Source "ChessBase"]
[SourceDate "2012.10.19"]
[SourceVersion "1"]
[SourceVersionDate "2012.10.19"]
[SourceQuality "1"]

1. e4 c5 2. Nf3 e6 3. c3 Nf6 4. Bd3 Nc6 5. Bc2 Qc7 6. 0-0 Be7 7. d4 cxd4 8. cxd4 Nb4 9. Nc3 Nxc2 10. Qxc2 b5 11. Qe2 b4 12. e5 bxc3 13. exf6 Bxf6 14. bxc3 Qxc3 15. Bd2 Qa3 16. Rfb1 a5 17. Rb3 Qd6 18. Bc1 Qa6 19. Qe3 0-0 20. Ba3 Re8 21. Rab1 Be7 22. Bxe7 Rxe7 23. Qc3 Re8 24. Qc2 f6 25. h4 Qd6 26. Rb6 Qf4 27. Qd3 d5 28. Qb5 Re7 29. Qc6 1-0

[Event "Zenica 15th"]
[Site "Zenica"]
[Date "2011.11.19"]
[Round "9"]
[White "Radic, Bojan"]
[Black "Dizdarevic, Emir"]
[Result "0-1"]
[WhiteElo "2165"]
[BlackElo "2485"]
[PlyCount "68"]
[EventDate "2011.11.13"]
[EventType "tourn"]
[EventRounds "9"]
[EventCountry "BIH"]
[EventCategory "5"]
[SourceTitle "EXT 2012"]
[Source "ChessBase"]
[SourceDate "2011.11.24"]
[SourceVersion "1"]
[SourceVersionDate "2011.11.24"]
[SourceQuality "1"]

1. e4 c6 2. d4 d5 3. e5 Bf5 4. Be2 e6 5. Nf3 c5 6. c3 Nc6 7. 0-0 Nh6 8. a3 Bg6 9. b4 cxd4 10. cxd4 Nf5 11. Bb2 Be7 12. Nbd2 0-0 13. Nb3 Rc8 14. Qd2 Bh5 15. h3 Nh4 16. Nxh4 Bxe2 17. Qxe2 Bxh4 18. f4 Be7 19. Bc1 a5 20. b5 Qb6 21. Qd3 a4 22. bxc6 axb3 23. cxb7 Rb8 24. Rb1 Rxb7 25. Rf3 Rfb8 26. Kh2 Qc6 27. Qd2 Rc8 28. Bb2 Qc2 29. Qe1 Ra8 30. Rf2 Qg6 31. Qc1 Rbb8 32. Ra1 Rc8 33. Qd1 Bh4 34. Rf3 Rc2 0-1

[Event "Zenica 15th"]
[Site "Zenica"]
[Date "2011.11.16"]
[Round "6"]
[White "Radlovacki, Jovan"]
[Black "Radic, Bojan"]
[Result "0-1"]
[WhiteElo "2429"]
[BlackElo "2165"]
[PlyCount "124"]
[EventDate "2011.11.13"]
[EventType "tourn"]
[EventRounds "9"]
[EventCountry "BIH"]
[EventCategory "5"]
[SourceTitle "EXT 2012"]
[Source "ChessBase"]
[SourceDate "2011.11.24"]
[SourceVersion "1"]
[SourceVersionDate "2011.11.24"]
[SourceQuality "1"]

1. e4 c5 2. Nf3 Nc6 3. Bb5 Qc7 4. c3 Nf6 5. Qe2 e5 6. 0-0 a6 7. Ba4 Be7 8. d4 b5 9. Bb3 d6 10. d5 Na5 11. Bc2 Nc4 12. a4 Rb8 13. axb5 axb5 14. h3 Bd7 15. b3 Nb6 16. Be3 0-0 17. Nbd2 Ra8 18. Rfb1 Rxa1 19. Rxa1 Ra8 20. Qf1 Qb7 21. b4 Rxa1 22. Qxa1 c4 23. Qa5 Bd8 24. Nb1 Bc7 25. Qa3 Qa8 26. Qb2 Na4 27. Qc1 Nb6 28. Nh4 Ne8 29. g4 f6 30. Nf5 g6 31. Ng3 Nc8 32. Kg2 Bb6 33. Nf1 Ng7 34. Bxb6 Nxb6 35. Qe3 Qd8 36. f4 exf4 37. Qxf4 Qe7 38. Qf2 Nc8 39. Nfd2 Qe5 40. Nf3 Qf4 41. Qd2 Qxd2+ 42. Nbxd2 h5 43. g5 Kf7 44. Kg3 Nb6 45. h4 f5 46. e5 Nxd5 47. exd6 Ke6 48. Nb1 Kxd6 49. Kf2 Ne6 50. Ke2 Ndf4+ 51. Kd2 Bc6 52. Ne1 Ke5 53. Bd1 Ng2 54. Nxg2 Bxg2 55. Ke3 Nf4 56. Na3 Bc6 57. Bf3 Bd7 58. Bb7 Nd3 59. Ba6 f4+ 60. Kd2 f3 61. Bxb5 f2 62. Nxc4+ Kf4 0-1

[Event "Zenica 15th"]
[Site "Zenica"]
[Date "2011.11.13"]
[Round "1"]
[White "Trkulja, Goran"]
[Black "Radic, Bojan"]
[Result "1-0"]
[WhiteElo "2371"]
[BlackElo "2165"]
[PlyCount "71"]
[EventDate "2011.11.13"]
[EventType "tourn"]
[EventRounds "9"]
[EventCountry "BIH"]
[EventCategory "5"]
[SourceTitle "EXT 2012"]
[Source "ChessBase"]
[SourceDate "2011.11.24"]
[SourceVersion "1"]
[SourceVersionDate "2011.11.24"]
[SourceQuality "1"]

1. d4 Nf6 2. c4 g6 3. Nc3 d5 4. Bf4 Bg7 5. Rc1 0-0 6. e3 c6 7. Nf3 Nh5 8. Bg5 h6 9. Bh4 Be6 10. cxd5 cxd5 11. Qb3 b6 12. Be2 g5 13. Bg3 Nxg3 14. hxg3 Nc6 15. Qa4 Na5 16. Ne5 a6 17. f4 b5 18. Qd1 Qd6 19. Bd3 gxf4 20. gxf4 f5 21. Qh5 Nc4 22. Qe2 Nxe5 23. fxe5 Qb6 24. g3 Rac8 25. 0-0 Qa5 26. a3 Qd8 27. Qf3 Kh8 28. Ne2 Rxc1 29. Rxc1 Bg8 30. Nf4 Kh7 31. g4 e6 32. gxf5 exf5 33. Qh5 Qg5+ 34. Kf2 Bf7 35. Qh3 Be8 36. Ne6 1-0

[Event "Zenica 14th"]
[Site "Zenica"]
[Date "2010.11.11"]
[Round "5"]
[White "Goric, Esad"]
[Black "Radic, Bojan"]
[Result "1/2-1/2"]
[WhiteElo "2360"]
[BlackElo "2157"]
[PlyCount "44"]
[EventDate "2010.11.08"]
[EventType "tourn"]
[EventRounds "9"]
[EventCountry "YUG"]
[EventCategory "6"]
[SourceTitle "EXT 2011"]
[Source "ChessBase"]
[SourceDate "2010.11.26"]
[SourceVersion "1"]
[SourceVersionDate "2010.11.26"]
[SourceQuality "1"]

1. Nf3 Nf6 2. b3 g6 3. Bb2 Bg7 4. c4 c5 5. g3 Nc6 6. Bg2 0-0 7. 0-0 d6 8. d4 cxd4 9. Nxd4 Bd7 10. e3 Qb6 11. Nc3 h5 12. Qd2 Rac8 13. Nde2 Ne5 14. Nf4 Bc6 15. Nfd5 Nxd5 16. cxd5 Bb5 17. Nxb5 Qxb5 18. Rfd1 Rc7 19. Bxe5 Bxe5 20. Rac1 Rfc8 21. Rxc7 Rxc7 22. Rc1 Rc5 1/2-1/2

[Event "Zenica 14th"]
[Site "Zenica"]
[Date "2010.11.09"]
[Round "2"]
[White "Dizdarevic, Emir"]
[Black "Radic, Bojan"]
[Result "1-0"]
[WhiteElo "2485"]
[BlackElo "2157"]
[PlyCount "85"]
[EventDate "2010.11.08"]
[EventType "tourn"]
[EventRounds "9"]
[EventCountry "YUG"]
[EventCategory "6"]
[SourceTitle "EXT 2011"]
[Source "ChessBase"]
[SourceDate "2010.11.26"]
[SourceVersion "1"]
[SourceVersionDate "2010.11.26"]
[SourceQuality "1"]

1. Nf3 Nf6 2. g3 g6 3. b3 Bg7 4. Bb2 c5 5. Bg2 0-0 6. c4 Nc6 7. 0-0 d6 8. d4 cxd4 9. Nxd4 Bd7 10. Qd2 Nxd4 11. Bxd4 Bc6 12. Nc3 Qd7 13. e4 a6 14. Rac1 b5 15. Nd5 Bxd5 16. cxd5 Rfc8 17. f3 Qb7 18. Bh3 Nd7 19. Be3 Rxc1 20. Rxc1 a5 21. Bf1 b4 22. Qc2 Bc3 23. a4 Ne5 24. Kg2 f5 25. Be2 Rf8 26. h3 Nd7 27. Rd1 Kh8 28. Bb5 Nc5 29. Bxc5 dxc5 30. Qe2 Qc7 31. f4 fxe4 32. Qxe4 Qd6 33. Rd3 Rd8 34. Bc4 Bd4 35. Rd2 Kg7 36. Re2 Bf6 37. Qf3 Qc7 38. h4 h5 39. f5 g5 40. hxg5 Bxg5 41. Qxh5 Bf6 42. Qg6+ Kh8 43. Re1 1-0

[Event "Tuzla op 16th"]
[Site "Tuzla"]
[Date "2009.12.26"]
[Round "5"]
[White "Trkulja, Goran"]
[Black "Radic, Bojan"]
[Result "1-0"]
[WhiteElo "2347"]
[BlackElo "2148"]
[PlyCount "128"]
[EventDate "2009.12.24"]
[EventType "swiss"]
[EventRounds "7"]
[EventCountry "BIH"]
[SourceTitle "EXT 2019"]
[Source "ChessBase"]
[SourceDate "2018.10.10"]
[SourceVersion "1"]
[SourceVersionDate "2018.10.10"]
[SourceQuality "1"]

1. d4 Nf6 2. Bg5 Ne4 3. Bf4 d5 4. f3 Nf6 5. Nc3 e6 6. e4 Bb4 7. e5 Nfd7 8. a3 Be7 9. b4 c6 10. Na4 b6 11. Be3 Ba6 12. Be2 0-0 13. f4 f5 14. Nf3 h6 15. Bxa6 Nxa6 16. 0-0 Qc8 17. Nb2 b5 18. Kh1 Nb6 19. Rg1 h5 20. Bf2 Qe8 21. Bh4 Bxh4 22. Nxh4 Nc4 23. Nd3 Nc7 24. Qe2 g6 25. h3 Kg7 26. Nf3 a5 27. Ng5 a4 28. Nc5 Rh8 29. g3 Rh6 30. Rg2 Qe7 31. Kg1 Rah8 32. Kf2 Rf8 33. Ke1 Qe8 34. Kd1 Rfh8 35. Kc1 Kf8 36. Kb1 Ke7 37. Ka2 Kf8 38. Rag1 Kg7 39. g4 hxg4 40. hxg4 Qe7 41. gxf5 exf5 42. e6 Qf6 43. c3 Ne8 44. Nd7 Qe7 45. Nf7 R8h7 46. Nxh6 Rxh6 47. Ne5 Nxe5 48. Qxe5+ Qf6 49. Qb8 Qxe6 50. Qd8 Nf6 51. Qc7+ Kh8 52. Rc1 Ng4 53. Rcc2 Rh3 54. Rce2 Re3 55. Rh2+ Nxh2 56. Rxh2+ Kg8 57. Qh7+ Kf8 58. Qh8+ Qg8 59. Qf6+ Ke8 60. Rh8 Qxh8 61. Qxh8+ Kf7 62. Kb2 Re6 63. Qh7+ Ke8 64. Qc7 Kf8 1-0

[Event "Zenica 13th"]
[Site "Zenica"]
[Date "2009.11.20"]
[Round "8"]
[White "Radic, Bojan"]
[Black "Tomic, Bosko"]
[Result "0-1"]
[WhiteElo "2148"]
[BlackElo "2408"]
[PlyCount "51"]
[EventDate "2009.11.15"]
[EventType "tourn"]
[EventRounds "9"]
[EventCountry "BIH"]
[EventCategory "5"]
[SourceTitle "CBM 133 Extra"]
[Source "ChessBase"]
[SourceDate "2010.01.05"]
[SourceVersion "1"]
[SourceVersionDate "2010.01.05"]
[SourceQuality "1"]

1. e4 e6 2. d3 d5 3. Nd2 Nf6 4. Ngf3 Nc6 5. g3 Bc5 6. Bg2 0-0 7. 0-0 dxe4 8. Nxe4 Nxe4 9. dxe4 Qf6 10. c3 e5 11. h3 a5 12. Kh2 b6 13. Qc2 Ba6 14. Re1 h6 15. Be3 Bxe3 16. Rxe3 Rfd8 17. Bf1 Bxf1 18. Rxf1 Rd7 19. Ne1 Rad8 20. Re2 Rd1 21. f4 exf4 22. gxf4 Ne5 23. Rff2 Nd3 24. Qxd1 Nxf2 25. Qc1 Qh4 26. Ng2 0-1